000 00753nam a22001817a 4500
999 _c62643
_d62643
003 Ge_BSU
005 20241227104037.0
008 241227s1955 ge ||||| |||| 00| 0 geo d
041 _ageo
080 _a616.89(075.32) ნ-21
100 _aნაკაშიძე, ე.
_917092
245 _aფსიქიატრია :
_b სახელმძღვ. სამედ. სასწ. /
_cე. ნაკაშიძე, ი. ყუბანეიშვილი.
264 _aთბ. :
_b საქმედგამი,
_c1955.
300 _a232 გვ. :
_bილ. ;
_c21 სმ.
653 _aფსიქიატრია
700 _aყუბანეიშვილი, ი.
_eავტორია
_924032
942 _2udc
_cᲬᲘᲒᲜᲘ